[Event "AUTO-INT-156"]
[Site "http://www.queenalice.com/game.php?id=121979"]
[Date "2006.10.26"]
[Round "2"]
[White "Barabba"]
[Black "SoliTear"]
[Result "1-0"]
[WhiteElo "2003"]
[BlackElo "1596"]

1. d4 d5 2. e4 dxe4 3. Nc3 Nf6 4. f3 exf3 5. Nxf3 Nc6 6. Bb5 Bd7 7. O-O a6 8.
Bd3 e6 9. Bg5 Be7 10. Qd2 h6 11. Bf4 Nd5 12. Nxd5 exd5 13. Ne5 Nxe5 14. dxe5 Bg5
15. Rf2 Qe7 16. Raf1 O-O-O 17. Qe2 Rhf8 18. Kh1 Bb5 19. Bxb5 axb5 20. Bg3 f6 21.
e6 Rd6 22. Bxd6 1-0

[Event "AUTO-INT-156"]
[Site "http://www.queenalice.com/game.php?id=121980"]
[Date "2006.10.26"]
[Round "2"]
[White "SoliTear"]
[Black "Barabba"]
[Result "0-1"]
[WhiteElo "1608"]
[BlackElo "1947"]

1. e4 g6 2. d4 d6 3. Nc3 c6 4. Nf3 Bg7 5. Be2 Nf6 6. O-O O-O 7. Be3 b5 8. b3 b4
9. Na4 Nxe4 10. Ng5 Nf6 11. Qd2 a5 12. d5 Nxd5 13. Bd4 e5 14. Bb2 Nf4 15. Bc4
Qxg5 16. g3 Nh3+ 0-1

[Event "AUTO-INT-156"]
[Site "http://www.queenalice.com/game.php?id=121983"]
[Date "2006.10.26"]
[Round "2"]
[White "SoliTear"]
[Black "eduarmi"]
[Result "0-1"]
[WhiteElo "1606"]
[BlackElo "1752"]

1. e4 c5 2. Nf3 Nc6 3. d4 cxd4 4. Nxd4 Nf6 5. Nc3 Nxd4 6. Qxd4 Qb6 7. Qxb6 axb6
8. Nd5 Nxd5 9. exd5 e6 10. dxe6 fxe6 11. Bd3 Bc5 12. Bf4 O-O 13. O-O Rxf4 14.
Rad1 Rxa2 15. b3 d5 16. Rd2 Bd7 17. g3 Rf3 18. Kg2 Rf6 19. Re2 Bc6 20. Rfe1 Ra8
21. c4 Raf8 22. f4 dxc4+ 23. Be4 cxb3 24. Rb2 Bxe4+ 25. Rxe4 g5 26. Rxb3 gxf4
27. gxf4 Rxf4 28. Rg3+ Kh8 29. Rxe6 Rg8 30. Rxg8+ Kxg8 0-1

[Event "Game w/ Cyrus"]
[Site "http://www.queenalice.com/game.php?id=124425"]
[Date "2006.11.1"]
[Round "-"]
[White "cyrus"]
[Black "SoliTear"]
[Result "1-0"]
[WhiteElo "1506"]
[BlackElo "1608"]

1. e4 e5 2. Nf3 Nc6 3. d4 d5 4. Nxe5 Nxe5 5. dxe5 dxe4 6. Qxd8+ Kxd8 7. Bc4 Bc5
8. O-O Ne7 9. Bxf7 Bf5 10. Rd1+ Bd7 11. e6 Bd6 12. exd7 Kxd7 13. Bg5 h6 14. Bh4
Nf5 15. Bg3 Nxg3 16. fxg3 Rhf8 17. Bd5 Bc5+ 18. Kh1 c6 19. Bxe4+ Ke6 20. Bf3 Ke5
21. Nc3 Rad8 22. Rxd8 Rxd8 23. Re1+ Kf5 24. g4+ Kg6 25. h4 Bf2 26. Rf1 Bxh4 27.
Be4+ Kg5 28. Nd1 Kxg4 29. Ne3+ Kg5 30. Rf5+ Kg6 31. Rf8+ 1-0

[Event "Challenge"]
[Site "http://www.queenalice.com/game.php?id=141592"]
[Date "2006.12.14"]
[Round "-"]
[White "lolothebest"]
[Black "SoliTear"]
[Result "0-1"]
[WhiteElo "1437"]
[BlackElo "1595"]

1. e4 e5 2. Qf3 Nf6 3. Nh3 h6 4. g4 d5 5. exd5 Qxd5 6. Qb3 Qxh1 7. a4 Bxg4 8.
Qc3 Qe4+ 9. Qe3 Qxe3+ 10. Be2 Qxe2# 0-1

[Event "Challenge"]
[Site "http://www.queenalice.com/game.php?id=150141"]
[Date "2007.1.4"]
[Round "-"]
[White "Mike36bh"]
[Black "SoliTear"]
[Result "1-0"]
[WhiteElo "1653"]
[BlackElo "1594"]

1. d4 d5 2. Nc3 g6 3. Bf4 c6 4. e4 e6 5. a3 Bg7 6. e5 Nd7 7. Nf3 Bh6 8. Bxh6
Nxh6 9. h3 Nf5 10. Be2 Qc7 11. O-O c5 12. Nb5 Qb6 13. c3 cxd4 14. cxd4 h6 15. b4
O-O 16. a4 a6 17. a5 Qc6 18. Rc1 Nc5 19. Rxc5 Qd7 20. Nc7 Rb8 21. b5 b6 22. axb6
Rxb6 23. bxa6 Bxa6 24. Bxa6 1-0

[Event "January Gray"]
[Site "http://www.queenalice.com/game.php?id=157873"]
[Date "2007.1.23"]
[Round "-"]
[White "SoliTear"]
[Black "Timinator"]
[Result "1-0"]
[WhiteElo "1583"]
[BlackElo "1160"]

1. e4 d5 2. exd5 Qxd5 3. Nc3 Qd8 4. Nf3 f6 5. d4 Be6 6. Bf4 Nc6 7. Nb5 Kf7 8.
Ng5+ fxg5 9. Qh5+ g6 10. Qxg5 h6 11. Qg3 g5 12. Bxc7 Qd7 13. Qf3+ Nf6 14. O-O-O
Bxa2 15. b3 g4 16. Bc4+ e6 17. d5 Kg7 18. dxe6 Qe7 19. Qc3 a6 20. Nd4 Qxc7 21.
Nf5+ Kg6 22. Nh4+ Kg7 23. Rd7+ Qxd7 24. exd7 Ne7 25. Rd1 Nc6 26. Qd3 Ba3+ 27.
Kd2 Ne5 28. Nf5+ Kh7 29. Qd4 Nexd7 30. Ra1 Bc5 31. Qf4 Bf8 32. Rxa2 Re8 33. Ne3
Re4 34. Bd3 Nc5 35. Qxf6 Nxd3 36. Qf5+ Kg7 37. Qxe4 Nxf2 38. Qxb7+ Kg6 39. Rxa6+
Kg5 40. Qd5+ Kh4 41. g3+ Kh3 42. Qg2# 1-0

[Event "Challenge"]
[Site "http://www.queenalice.com/game.php?id=166124"]
[Date "2007.2.9"]
[Round "-"]
[White "SoliTear"]
[Black "Mike36bh"]
[Result "1/2-1/2"]
[WhiteElo "1585"]
[BlackElo "1760"]

1. e4 e5 2. Nf3 Nc6 3. Bb5 Nge7 4. O-O Nd4 5. Nxe5 Nxb5 6. Qf3 f6 7. c3 d6 8.
Nc4 d5 9. exd5 Qxd5 10. Qxd5 Nxd5 11. Re1+ Be7 12. d4 O-O 13. Ne3 Nxe3 14. Bxe3
Bf5 15. Nd2 Rad8 16. Nc4 b6 17. a4 Nd6 18. Nd2 Ne4 19. Nxe4 Bxe4 20. Bf4 f5 21.
f3 Bd6 22. Bxd6 Rxd6 23. fxe4 fxe4 24. Rxe4 c5 25. dxc5 bxc5 26. Rc4 Rd2 27. Rf1
Rxb2 28. Rxc5 Rc2 29. a5 Re8 30. a6 h6 31. Rcf5 Rxc3 32. Rf7 Ra8 33. R7f3 Rc6
34. Ra1 h5 35. Kf2 Kh7 36. h4 Rd8 37. Raa3 Rd2+ 38. Kg1 Rg6 39. Rg3 Rc6 40. Rgc3
Rcd6 41. Kh2 Kh6 42. Re3 R2d5 43. Rf3 1/2-1/2

[Event "Come On and Play Already"]
[Site "http://www.queenalice.com/game.php?id=178682"]
[Date "2007.3.8"]
[Round "-"]
[White "tupifc"]
[Black "SoliTear"]
[Result "1-0"]
[WhiteElo "1581"]
[BlackElo "1615"]

1. e4 e5 2. Nf3 Nc6 3. Bc4 h6 4. h3 Nf6 5. d3 d6 6. O-O Qe7 7. Nc3 Be6 8. Bb5
Qd7 9. Nh2 O-O-O 10. Bxc6 Qxc6 11. f4 Nh5 12. Qxh5 g6 13. Qd1 d5 14. f5 Bd7 15.
exd5 Bc5+ 16. Kh1 Qd6 17. f6 Bf5 18. Ng4 h5 19. Nh6 Qxf6 20. Nxf5 gxf5 21. Qf3
c6 22. Qxf5+ Qxf5 23. Rxf5 cxd5 24. Rxe5 Bd6 25. Rxd5 Bc7 26. Bg5 Rhe8 27. Bxd8
Bxd8 28. Nb5 1-0

[Event "Challenge"]
[Site "http://www.queenalice.com/game.php?id=178683"]
[Date "2007.3.8"]
[Round "-"]
[White "spawnwolfwolverine"]
[Black "SoliTear"]
[Result "1/2-1/2"]
[WhiteElo "1669"]
[BlackElo "1611"]

1. d3 c5 2. e3 d5 3. a3 d4 4. c4 e5 5. Be2 Nf6 6. Nf3 Bd6 7. O-O O-O 8. b3 Nc6
9. a4 Nb4 10. exd4 exd4 11. Ba3 a5 12. Bxb4 axb4 13. Ng5 Qc7 14. g3 h6 15. Ne4
Be7 16. Nxf6+ Bxf6 17. Nd2 Re8 18. Bg4 b6 19. Bxc8 Qxc8 20. Ne4 Re6 21. Nxf6+
Rxf6 22. Qd2 Qc6 23. Qe2 Re6 24. Qd2 Kf8 25. Rae1 Rxe1 26. Rxe1 Re8 27. Rxe8+
Qxe8 28. Kg2 g5 29. h4 f6 30. hxg5 hxg5 31. f4 Qg6 32. Qe2 Kf7 33. fxg5 fxg5 34.
Qf3+ 1/2-1/2

[Event "Challenge"]
[Site "http://www.queenalice.com/game.php?id=178684"]
[Date "2007.3.8"]
[Round "-"]
[White "SoliTear"]
[Black "spawnwolfwolverine"]
[Result "1-0"]
[WhiteElo "1592"]
[BlackElo "1679"]

1. e4 e6 2. d4 d6 3. Nc3 g6 4. Bc4 Bg7 5. Nf3 Ne7 6. O-O O-O 7. Be3 c5 8. dxc5
dxc5 9. Qxd8 Rxd8 10. Rad1 Rxd1 11. Rxd1 Bxc3 12. bxc3 Nbc6 13. Bxc5 b6 14. Bxe7
Nxe7 15. Rd8+ Kg7 16. Ne5 Bb7 17. Rd7 Nc6 18. Rxf7+ Kh6 19. Ng4+ Kg5 20. Bxe6
Nd8 21. f4+ Kh5 22. Rxh7# 1-0

[Event "Challenge"]
[Site "http://www.queenalice.com/game.php?id=185694"]
[Date "2007.3.21"]
[Round "-"]
[White "tonio6291"]
[Black "SoliTear"]
[Result "0-1"]
[WhiteElo "1103"]
[BlackElo "1615"]

1. b3 d5 2. Nc3 c5 3. e3 Nf6 4. Bb5+ Bd7 5. Qe2 Bc6 6. Nh3 Qd7 7. Ba3 e6 8. Ng5
h6 9. Nf3 a6 10. Ba4 b5 11. Bxb5 Bxb5 12. d3 c4 13. b4 Bd6 14. O-O a5 15. Rab1
axb4 16. Bxb4 Na6 17. a3 Nxb4 18. axb4 cxd3 19. cxd3 Ra3 20. Qb2 Ra7 21. Ra1
Rxa1 22. Qxa1 Bxd3 23. Qa8+ Qd8 24. Qa4+ Nd7 25. Rd1 Be2 26. Nxe2 O-O 27. Rc1
Nb6 28. Qa7 Qb8 29. Qa1 Bxb4 30. Ne5 Rc8 31. Rb1 Bd6 32. Nd7 Qc7 33. Rxb6 Qxd7
34. g3 Rb8 35. Ra6 Be5 36. Qxe5 Qb5 37. Qd6 Qb1+ 38. Kg2 Rb2 39. Ng1 Qe4+ 40.
Nf3 Qc2 41. Kh3 Qxf2 42. Qf4 Qf1+ 43. Kg4 Qxa6 44. Ne5 f5+ 45. Kh5 Rxh2+ 46. Kg6
Qc8 47. Nf3 Qe8# 0-1

[Event "Challenge"]
[Site "http://www.queenalice.com/game.php?id=185695"]
[Date "2007.3.21"]
[Round "-"]
[White "SoliTear"]
[Black "tonio6291"]
[Result "1-0"]
[WhiteElo "1613"]
[BlackElo "1070"]

1. e4 d5 2. Nc3 Nh6 3. exd5 Bg4 4. Be2 Bf5 5. d3 g5 6. Bxg5 Ng4 7. Bxg4 Bxg4 8.
Qxg4 f6 9. Bh4 a5 10. Qh5+ Kd7 11. Qf5+ Ke8 12. Nf3 Rg8 13. Bxf6 exf6 14. O-O b6
15. Qe6+ Be7 16. Qxg8+ Bf8 17. Rfe1+ Kd7 18. Qe6# 1-0

[Event "Let's Play Chess!"]
[Site "http://www.queenalice.com/game.php?id=418080"]
[Date "2008.6.15"]
[Round "-"]
[White "SoliTear"]
[Black "Abstro"]
[Result "1-0"]
[WhiteElo "1619"]
[BlackElo "1535"]

1. e4 e5 2. Nf3 Nc6 3. Bb5 d6 4. d4 f6 5. dxe5 fxe5 6. Ng5 Be7 7. Qd5 Nf6 8.
Bxc6+ bxc6 9. Qxc6+ Bd7 10. Qc4 Rf8 11. f3 1-0

[Event "Partida Junio #53"]
[Site "http://www.queenalice.com/game.php?id=419809"]
[Date "2008.6.19"]
[Round "-"]
[White "SRIVERO"]
[Black "SoliTear"]
[Result "1-0"]
[WhiteElo "1584"]
[BlackElo "1632"]

1. d4 Nf6 2. c4 e6 3. Nc3 Bb4 4. e3 O-O 5. Bd3 d5 6. Nf3 c5 7. Qc2 cxd4 8. exd4
Bxc3+ 9. Qxc3 Ne4 10. Bxe4 Nc6 11. Bg5 Qa5 12. cxd5 Qxc3+ 13. bxc3 exd5 14. Bxd5
Re8+ 15. Be3 Ne7 16. c4 Nf5 17. Ne5 Be6 18. Bxe6 Rxe6 19. Rb1 Re7 20. O-O Rc8
21. c5 f6 22. Nc4 a6 23. Nd6 Nxd6 24. cxd6 Rd7 25. Rfc1 Rxc1+ 26. Rxc1 b5 27.
Rc8+ Kf7 28. Rc7 Ke6 29. Kf1 Rxc7 30. dxc7 Kd7 31. Bf4 g5 32. Bg3 f5 33. Be5 a5
34. Ke2 a4 35. Kd3 b4 36. Kc2 1-0

[Event "TARADO POR XADREZ"]
[Site "http://www.queenalice.com/game.php?id=423891"]
[Date "2008.6.27"]
[Round "-"]
[White "SoliTear"]
[Black "jw16js"]
[Result "1-0"]
[WhiteElo "1614"]
[BlackElo "1539"]

1. e4 e5 2. Nf3 Bd6 3. Bc4 Nc6 4. c3 Qf6 5. O-O a6 6. d4 exd4 7. cxd4 Qe7 8. Bg5
f6 9. e5 b5 10. Bd5 fxg5 11. exd6 Qxd6 12. Re1+ Nge7 13. Nc3 Bb7 14. Nxg5 Qf6
15. Nce4 Qxd4 16. Bxc6 Nxc6 17. Nd6+ Kd8 18. Ngf7# 1-0

[Event "Let's Play Chess!"]
[Site "http://www.queenalice.com/game.php?id=429986"]
[Date "2008.7.9"]
[Round "-"]
[White "SoliTear"]
[Black "JCruz"]
[Result "0-1"]
[WhiteElo "1627"]
[BlackElo "2068"]

1. e4 c5 2. Nf3 d6 3. d4 cxd4 4. Nxd4 Nf6 5. Nc3 a6 6. Bg5 e6 7. Be2 Be7 8. O-O
O-O 9. f4 h6 10. Bxf6 Bxf6 11. Qd3 Qb6 12. b3 Qxd4+ 13. Qxd4 Bxd4+ 0-1

[Event "Challenge"]
[Site "http://www.queenalice.com/game.php?id=432454"]
[Date "2008.7.13"]
[Round "-"]
[White "SoliTear"]
[Black "camilleetgeorges"]
[Result "1-0"]
[WhiteElo "1625"]
[BlackElo "1555"]

1. e4 e6 2. Nf3 d5 3. d4 dxe4 4. Ng5 h6 5. Nxe4 Nd7 6. Bd3 Ngf6 7. Nbc3 b6 8.
Bf4 c6 9. Bd6 Nxe4 10. Nxe4 Bxd6 11. Nxd6+ Ke7 12. Nxc8+ Rxc8 13. O-O Re8 14.
Qh5 Nf6 15. Qh4 Kf8 16. c3 c5 17. Rad1 cxd4 18. Qxd4 Qxd4 19. cxd4 Nd5 20. Be2
Rc2 21. Bb5 Rec8 22. Rb1 1-0

[Event "Challenge"]
[Site "http://www.queenalice.com/game.php?id=435749"]
[Date "2008.7.19"]
[Round "-"]
[White "WeffersoN_4"]
[Black "SoliTear"]
[Result "0-1"]
[WhiteElo "1572"]
[BlackElo "1631"]

1. e4 c6 2. Bc4 d5 3. exd5 cxd5 4. Bb5+ Bd7 5. Bxd7+ Nxd7 6. Qf3 Ngf6 7. d3 e6
8. Bg5 h6 9. Bxf6 Nxf6 10. a3 Bc5 11. Nc3 O-O 12. h4 Qd7 13. g4 e5 14. g5 e4 15.
Qh3 Qg4 16. gxf6 Qxh3 17. Rxh3 g6 18. Nxd5 Rac8 19. Ne7+ Bxe7 20. fxe7 Rfe8 21.
O-O-O Rxe7 22. dxe4 Rxe4 23. Rd7 Rce8 24. Re3 f5 0-1

[Event "Let's Play Chess!"]
[Site "http://www.queenalice.com/game.php?id=452228"]
[Date "2008.8.23"]
[Round "-"]
[White "CampbellMarcel"]
[Black "SoliTear"]
[Result "1-0"]
[WhiteElo "1855"]
[BlackElo "1638"]

1. e4 c6 2. d4 d5 3. exd5 cxd5 4. Nf3 Nc6 5. Bb5 Bg4 6. Bxc6+ bxc6 7. h3 Bf5 8.
g4 Be4 9. O-O e6 10. Nbd2 Bg6 11. Ne5 Ne7 12. Nxg6 Nxg6 13. f4 c5 14. Nb3 c4 15.
Nc5 Bxc5 16. dxc5 f5 17. g5 h6 18. Re1 Qd7 19. Qh5 Qf7 20. Bd2 1-0